| 000 | 01096nam a2200229Ia 4500 | ||
|---|---|---|---|
| 003 | Ost | ||
| 005 | 20260416102352.0 | ||
| 008 | 260416s9999||||xx |||||||||||||| ||und|| | ||
| 040 | _cfsecg | ||
| 041 | _aara | ||
| 082 | _a338.5 | ||
| 100 |
_aبوضياف، حفيظ _eمؤلف |
||
| 245 | 0 |
_a الإقتصاد الجزئي / _c حفيظ بوضياف |
|
| 260 |
_aالجزائر _bجامعة الجزائر3: كلية العلوم الإقتصادية، العلوم التجارية وعلوم التسيير _c2017 |
||
| 300 |
_a94 ورقة _bايضاحات _c30 سم |
||
| 520 | _aعلم الاقتصاد والمشكلة الاقتصادية، نظرية الطلب، نظرية العرض، التوازن، تطبيقات على التوازن، تحليل سلوك المستهلك | ||
| 653 | _aالاقتصاد الجزئي | ||
| 653 | _aالعرض و الطلب | ||
| 653 | _aالمستهلكون | ||
| 710 |
_aجامعة الجزائر3: كلية العلوم الإقتصادية، العلوم التجارية وعلوم التسيير _eناشر علمي |
||
| 942 | _cHANDOUT | ||
| 999 |
_c41035 _d41035 |
||